Statistics for NASCAR Cup Winners at Homestead-Miami Speedway

Click here to take the quiz!

General Stats

  • This quiz has been taken 613 times
    (89 since last reset)
  • The average score is 21 of 25

Answer Stats

YearWinner% Correct
2016Jimmie Johnson
93%
2019Kyle Busch
93%
2015Kyle Busch
93%
1999Tony Stewart
93%
2000Tony Stewart
93%
2011Tony Stewart
93%
2013Denny Hamlin
90%
2009Denny Hamlin
90%
2020Denny Hamlin
90%
2002Kurt Busch
90%
2022Kyle Larson
87%
2001Bill Elliott
85%
2012Jeff Gordon
85%
2018Joey Logano
85%
2014Kevin Harvick
85%
2017Martin Truex Jr
84%
2008Carl Edwards
79%
2010Carl Edwards
79%
2021William Byron
79%
2005Greg Biffle
77%
2004Greg Biffle
77%
2006Greg Biffle
77%
2003Bobby Labonte
75%
2023Christopher Bell
74%
2007Matt Kenseth
74%

Score Distribution

Percentile by Number Answered

Percent of People with Each Score

Your Score History

You have not taken this quiz since the last reset